| 000 | 00970cas a22002777a 4500 | ||
|---|---|---|---|
| 005 | 20220329142129.0 | ||
| 008 | 990830d1979 mx qr pernn 0 uub1spa d | ||
| 010 | _a78906 | ||
| 011 | _a79878 | ||
| 035 | _a90293 | ||
| 245 | 0 | 0 |
_aCapacitación _c/por Instituto Nacional de Capacitación del Sector Agropecuario |
| 260 | 0 |
_aMéxico, D.F. : _bInstituto Nacional de Capacitación del Sector Agropecuario, _c1979- . |
|
| 300 | _av. | ||
| 310 | _aTrimestral | ||
| 362 | _av.4 n.1-2, 1983 | ||
| 500 | _aSe dejó de recibir a partir del v.5 n.4, 1984. | ||
| 590 |
_aBATCH-UPD _b10 _c20130110 _lUCH01 _h1758 |
||
| 590 |
_aBATCH-UPD _b10 _c20130410 _lUCH01 _h1135 |
||
| 590 |
_aBATCH-UPD _b10 _c20130914 _lUCH01 _h0839 |
||
| 590 |
_aCONVERSION _b10 _c20130109 _lUCH01 _h1344 |
||
| 650 | 1 | 4 |
_aCapacitación _xPublicaciones periódicas. _918694 |
| 866 | _av.1 n.1 (1879) | ||
| 866 | _av.4 n.1-v.5 n.4 (1983-1984) | ||
| 901 | _aSE | ||
| 905 | _aMa. del Socorro Iturbe C. | ||
| 999 |
_c78906 _d78906 |
||